00433nam a22001337a 4500082001400000100001700014245007500031260004100106300000800147650002600155942000700181952009400188999001700282 a227.8 POH aPo Ho, Huang aMission from the Underside: Transforming Theological Education in Asia aBangalorebPTCA/SATHRI/SCEPTREc2010 a248 aTheological education cBK 00104070aHMIbHMIcGENd2018-04-13l0o227.8 POHp11003259r2026-01-16w2026-01-16yBK c20907d20907